000 00602 a2200181 4500
999 _c183236
_d183236
005 20211221141524.0
010 _aENG-130448
020 _a978-93-5460-186-6
_c633.00
035 _aEN-113980
037 _bDBAD/PUB
082 _a332.6457
_b1
100 _aParasuraman N R
245 _aDerivatives and Risk Management:
_cN R Paqrasuraman
260 _aTamill Nadu
_bMcGraw Hill Education Private Limited
_c2021
270 _a444/1, Sri Ekambara Naicker Industrial Estate, Alapakkam, Porur
_bChennai
_e600116
300 _a333p.
_c24cm (pbk)
942 _adpl
_cEN
_2ddc
_h332.6457
_mPAR